| 000 | 01226nam a2200277 a 4500 | ||
|---|---|---|---|
| 008 | 120416s1987 ||||||||||||||||| || u | ||
| 020 | _a0745603173 | ||
| 020 | _a0745603173 | ||
| 050 | _aHC 256.5 Man | ||
| 100 | _aThompson, Grahame | ||
| 245 | 1 | 0 |
_aManaging the UK economy: current contraversies _cedited by Grahame Thompson |
| 260 |
_aCambridge: _bPolity Press _c1987 |
||
| 300 | _axxvii, 128p. : ill. | ||
| 350 | _a0.00 | ||
| 500 | _a"Based on the Open University social science course D210 Introduction to economics, first presented in 1985"--T.p. verso. -"Published ... in association with Basil Blackwell"--T.p. verso. -Includes bibliographies and index. | ||
| 650 | _aGREAT BRITAIN--ECONOMIC POLICY- 1979-1997 | ||
| 650 | _aGREAT BRITAIN--ECONOMIC ASPECTS | ||
| 650 | 0 | _aCHICAGO SCHOOL OF ECONOMICS | |
| 650 | _aGREAT BRITAIN--ECONOMIC POLICY- 1964-1979 | ||
| 650 | _aUNEMPLOYMENT--EFFECT OF INFLATION ON--GREAT BRITAIN | ||
| 650 | 0 | _aECONOMICS | |
| 650 | 0 | _aKEYNESIAN ECONOMICS | |
| 700 | _aLevacic, Rosalind | ||
| 700 | _aBrown, Vivienne | ||
| 995 |
_D0.00 _FCBU-MAIN LIBRARY (Kitwe) _H1 _I8.95 _M1 _UAVAILABLE _ZAnnex Low-Usage Collection |
||
| 999 |
_c50243 _d50243 |
||